000 00484nam a2200193Ia 4500
008 101110s9999 xx 000 0 und d
041 _aENGLISH
082 _bSR12298
_a658
100 _aLimaye and Koli
245 _aBusiness Planning ( 4th Edition )
365 _b25
520 _aCommerce
546 _aENGLISH
630 _aBusiness Planning ( 4th Edition )
650 _aCommerce
655 _aCommerce
730 _aBusiness Planning ( 4th Edition )
942 _cBOOK
999 _c806815
_d806812